Fundamentals of genetics (Record no. 396796)

MARC details
000 -LEADER
fixed length control field 00542 a2200205 4500
005 - DATE & TIME
control field 20260401114808.0
008 - FIXED-LENGTH DATA ELEMENTS--GENERAL INFORMATION
fixed length control field 260325b |||||||| |||| 00| 0 eng d
020 ## - ISBN
International Standard Book Number 9788195237289
Price Rs. 1495.00
040 ## - CATALOGING SOURCE
Original cataloging agency VIVEKANANDA LIBRARY
082 ## - DDC NUMBER
Classification number 575.1
Book Number R186F
100 ## - MAIN ENTRY--PERSONAL NAME
Personal name Rastogi, Veer Bala
245 ## - TITLE STATEMENT
Title Fundamentals of genetics
260 ## - PUBLICATION, DISTRIBUTION, ETC. (IMPRINT)
Name of publisher, distributor, etc MedTech Science Press
Place of publication, distribution, etc New Delhi
Date of publication, distribution, etc 2022
300 ## - PHYSICAL DESCRIPTION
Pages xxx, 766
650 ## - Subject
Subject Molecular Genetics
650 ## - Subject
Subject Human Genetics
650 ## - Subject
Subject Genetic Engineering
700 ## - Added Entry Personal Name
Added Entry Personal Name Rastogi, Nirvika
942 ## - ADDED ENTRY ELEMENTS (KOHA)
Koha item type Books
Holdings
Withdrawn status Lost status Source of classification or shelving scheme Damaged status Not for loan Location (home branch) Sublocation or collection (holding branch) Shelving location Date acquired Koha issues (times borrowed) Koha full call number Accession No. Koha date last seen Koha item type
    Dewey Decimal Classification     VIVEKANANDA LIBRARY VIVEKANANDA LIBRARY Vivekananda Library 18/02/2026   575.1 R186F 438438 18/02/2026 Books
    Dewey Decimal Classification     VIVEKANANDA LIBRARY VIVEKANANDA LIBRARY Vivekananda Library 18/02/2026   575.1 R186F 438439 18/02/2026 Books
© Designed and Maintained by Vivekananda Library, MDU Rohtak